Zatrieďovanie vybraných výdavkov prostredníctvom klasifikácie SK COFOG v obciach

Definovanie novej štatistickej klasifikácie výdavkov, ktorá je prispôsobená podmienkam obcí. Vybrané príklady definované vyhláškou Štatistického úradu Slovenskej republiky č. 257/2014 Z.z., ktoru sa vydáva štatistická klasifikácia výdavkov verejnej správy (SK COFOG).

Gespeichert in:
Bibliographische Detailangaben
1. Verfasser: Sýkora, Jozef
Format: Buchkapitel
Sprache:Slowakisch
Schlagworte:
Tags: Tag hinzufügen
Keine Tags, Fügen Sie das erste Tag hinzu!

MARC

LEADER 00000naa a2200000 4500
001 0200105
005 20231204112421.9
041 0 |a slo 
044 |a SK 
245 1 0 |a Zatrieďovanie vybraných výdavkov prostredníctvom klasifikácie SK COFOG v obciach  |c Jozef Sýkora 
520 |a Definovanie novej štatistickej klasifikácie výdavkov, ktorá je prispôsobená podmienkam obcí. Vybrané príklady definované vyhláškou Štatistického úradu Slovenskej republiky č. 257/2014 Z.z., ktoru sa vydáva štatistická klasifikácia výdavkov verejnej správy (SK COFOG). 
610 2 0 |a výdavky 
610 2 0 |a hospodárenie finančné 
610 2 0 |a správa verejná 
610 2 0 |a obce 
610 2 0 |a rozpočtovanie 
100 1 |a Sýkora, Jozef